Стихотворения | Поэмы | Князь Серебряный | Сочинения Козьмы Пруткова (Запись № 122303)

Подробности
000 -МАРКЕР
контрольное поле 01996nam0a2200385 4500
001 - ИДЕНТИФИКАТОР ЗАПИСИ
контрольное поле RU\NLR\bibl\26090
005 - ИДЕНТИФИКАТОР ВЕРСИИ
контрольное поле 20260406140431.0
010 ## - МЕЖДУНАРОДНЫЙ СТАНДАРТНЫЙ НОМЕР КНИГИ (ISBN)
Номер (ISBN) 5-237-01649-9
Уточнения ООО "Фирма "Изд-во АСТ"
010 ## - МЕЖДУНАРОДНЫЙ СТАНДАРТНЫЙ НОМЕР КНИГИ (ISBN)
Номер (ISBN) 5-7390-0843-3
Уточнения "Олимп"
Тираж 7000
021 ## - НОМЕР ГОСУДАРСТВЕННОЙ РЕГИСТРАЦИИ
Код страны Российская Федерация
Номер 99-11406
Номер Листа государственной регистраци 548
035 ## - ДРУГИЕ СИСТЕМНЫЕ НОМЕРА
Идентификатор записи (NLR Aleph) 000025417
100 ## - ДАННЫЕ ОБЩЕЙ ОБРАБОТКИ
Данные общей обработки 19990507d1999 |||y0rusy50 ca
101 0# - ЯЗЫК РЕСУРСА
Язык текста, звукозаписи и т.д. русский
102 ## - СТРАНА ПУБЛИКАЦИИ ИЛИ ПРОИЗВОДСТВА
Страна публикации Российская Федерация
105 ## - ПОЛЕ КОДИРОВАННЫХ ДАННЫХ: ТЕКСТОВЫЕ МАТЕРИАЛЫ, МОНОГРАФИЧЕСКИЕ
Кодированные данные о монографическом текстовом документе y |||||||||
200 1# - ЗАГЛАВИЕ И СВЕДЕНИЯ ОБ ОТВЕТСТВЕННОСТИ
Основное заглавие Стихотворения
-- Поэмы
-- Князь Серебряный
-- Сочинения Козьмы Пруткова
Первые сведения об ответственности А.К. Толстой
Последующие сведения об ответственности [Сост., предисл., коммент., справ. и метод. материалы С.Ф. Дмитренко]
210 ## - ПУБЛИКАЦИЯ, РАСПРОСТРАНЕНИЕ И ДР.
Место издания, распространения и т.д. Назрань
Имя издателя, распространителя и т. д. АСТ
Место издания, распространения и т.д. М.
Имя издателя, распространителя и т. д. Олимп
Дата издания, распространения и т.д. 1999
215 ## - ФИЗИЧЕСКАЯ ХАРАКТЕРИСТИКА
Специфическое обозначение материала и объем 584 с.
Размеры 21
225 1# - СЕРИЯ
Основное заглавие серии Школа классики
Сведения, относящиеся к заглавию ШК
-- Книга для ученика и учителя
300 ## - ОБЩИЕ ПРИМЕЧАНИЯ
Текст примечания На тит. л. и обл. загл. сер.: Книга для ученика и учителя
320 ## - ПРИМЕЧАНИЯ О НАЛИЧИИ В ДОКУМЕНТЕ БИБЛИОГРАФИИ / УКАЗАТЕЛЯ
Текст примечания Библиогр.: с. 580-581 и в подстроч. прим.
327 1# - ПРИМЕЧАНИЯ О СОДЕРЖАНИИ
Текст примечания В кн. также: Критика и коммент.; Темы и развернутые планы соч.; Материалы для подгот. к уроку
600 #1 - ИМЯ ЛИЦА КАК ПРЕДМЕТ
Начальный элемент ввода Толстой
Часть имени, кроме начального элемента ввода А.К.
Даты 1817 - 1875
Расширение инициалов личного имени Алексей Константинович
Тематический подзаголовок Изучение в школе
Системный номер авторитетной/нормативной записи 2086069
Идентификатор авторитетной/нормативной записи RU\NLR\auth\661262196
686 ## - ИНДЕКСЫ ДРУГИХ КЛАССИФИКАЦИЙ
Индекс Ш9(2)62=Р5я44
686 ## - ИНДЕКСЫ ДРУГИХ КЛАССИФИКАЦИЙ
Индекс Ч426.21,6(2)315.8ТолстойА.К.
700 #1 - ИМЯ ЛИЦА - ПЕРВИЧНАЯ ОТВЕТСТВЕННОСТЬ
Код отношения Автор
Графика поля Кириллица
Материалы, к которым относится поле rus
Начальный элемент ввода Толстой
Часть имени, кроме начального элемента ввода А. К.
Даты 1817-1875
Расширение инициалов личного имени Алексей Константинович
Системный номер авторитетной/нормативной записи 113040
Идентификатор авторитетной/нормативной записи RU\NLR\auth\773033
702 #1 - ИМЯ ЛИЦА - ВТОРИЧНАЯ ОТВЕТСТВЕННОСТЬ
Код отношения Составитель
Графика поля Кириллица
Материалы, к которым относится поле rus
Начальный элемент ввода Дмитренко
Часть имени, кроме начального элемента ввода С. Ф.
Расширение инициалов личного имени Сергей Федорович
Системный номер авторитетной/нормативной записи 29274
Идентификатор авторитетной/нормативной записи RU\NLR\auth\7746339
801 #0 - ИСТОЧНИК ЗАПИСИ
Страна Российская Федерация
Организация NLR
Дата составления 19990507
Правила каталогизации PSBO
801 #1 - ИСТОЧНИК ЗАПИСИ
Страна Российская Федерация
Организация NLR
Дата составления 19990507
852 ## - МЕСТОНАХОЖДЕНИЕ И ШИФР ХРАНЕНИЯ
Идентификатор организации NLR
Шифр хранения (Call Number) 99-3/2956
942 ## - ДОПОЛНИТЕЛЬНЫЕ ЭЛЕМЕНТЫ ЗАПИСИ (АБИС)
Тип экземпляра АБИС Книга
980 ## - КОЛЛЕКЦИЯ
Название коллекции Национальная библиография
Экземпляры
Тип экземпляра Дата поступления Источник поступления Стоимость Библиотека постоянного хранения Библиотека текущего хранения Место хранения Шифр хранения Штрих-код Статус экземпляра
Книга 21.02.2005 Подсобные фонды РНБ 21.50 РНБ (Садовая) РНБ (Садовая) Фонд научного зала литературы и искусства Л2 Ш6(2=Р)/Т-529 1-217274  
Книга 16.06.2005 Подсобные фонды РНБ 300.00 РНБ (Садовая) РНБ (Садовая) Фонд международного книгообмена   1-325424 Доставлен в Фoнд
Книга 21.06.2006 Покупка 21.50 РНБ (Фонтанка) РНБ (Фонтанка) Юношеский читальный зал Ю Рус/Т-53 1-459392